000 00256nam a2200121Ia 4500
100 _aRusinoff/S.E
942 _cBK
654 _aForging
245 _aForging And Forming Metals
260 _bD B Taraporevala.
082 _a671.3
_brus
546 _aENGLISH
999 _c22676
_d22676